| 000 | 00343nam a22001337a 4500 | ||
|---|---|---|---|
| 082 |
_a355.48 _bRUL _cL- , P- |
||
| 100 |
_aResearch Development _948753 |
||
| 245 |
_aRules for war games _cResearch Development |
||
| 260 | _c1976 | ||
| 300 | _av, 154 p. : | ||
| 526 |
_a0 _b0 _c0 _d355_480000000000000_RUL |
||
| 650 |
_aMCE _9379 |
||
| 942 |
_2ddc _cBK |
||
| 999 |
_c551604 _d551604 |
||